000 00760nam a2200229Ia 4500
003 GCL
008 140319s9999 xx 000 0 ara d
020 _a064509977
040 _aGCL /
_cGCL
082 0 4 _aط
_b813.01
_bع ح
100 1 _aعبدالوهاب المسيرى
245 1 0 _aحكايات هذا الزمان : سر اختفاء الذئب الشهير بالمحتار /
_cعبدالوهاب المسيرى
700 1 _aصفاء نبعة
250 _aالاولى
260 _aالقاهرة :
_bدار الشروق ،
_c2000
300 _a ؛
_c21 سم
490 _aحكايات هذا الزمان
_v0
650 0 4 _aالقصص القصيرة
650 0 4 _aقصص الاطفال
650 0 4 _aادب الاطفال
942 _2ddc
_cBK
999 _c9590
_d9590